ბათუმის შოთა რუსთაველის სახელმწიფო უნივერსიტეტის ბიბლიოთეკა

საკრედიტო სამართალი : დელიქტური სამართალი, სააღსრულებო სამართალი ინტელექტუალური საკუთრების სამართალი : (ბიბ.ჩანაწერი № 53841)

000 -ლიდერი
ფიქსირებული სიგრძის საკონტროლო ველი 01663nam a2200289Ia 4500
001 - საკონტროლო ნომერი
საკონტროლო ველი 20892
003 - საკონტროლო ნომრის იდენტიფიკატორი
საკონტროლო ველი GE_BSU
005 - ბოლო ოპერაციის თარიღი და დრო
საკონტროლო ველი 20210610181802.0
008 - ფიქსირებული სიგრძის მონაცემთა ელემენტები - ზოგადი ინფორმაცია
ფიქსირებული სიგრძის საკონტროლო ველი 181216s2016||||ge |||||||||||||| ||geo||
010 ## - კონგრესის ბიბლიოთეკის საკონტროლო ნომერი
LC საკონტროლო ნომერი 9789941414800
040 ## - კატალოგიზაციის წყარო
Transcribing agency GE_BSU
041 ## - ენის კოდი
Language code of text/sound track or separate title geo
080 ## - უნივერსალური ათობითი კლასიფიკაციის ინდექსი
Universal Decimal Classification number 346.62:347.735:341.48 შ-90
100 ## - მთავარი ჩანაწერი - პიროვნების სახელი
Personal name შნიტგერი, ჰაინრიჰ
9 (RLIN) 1696
245 ## - ცნობა სათაურის შესახებ
Title საკრედიტო სამართალი : დელიქტური სამართალი, სააღსრულებო სამართალი ინტელექტუალური საკუთრების სამართალი :
Remainder of title მოკლე კონსპექტები /
Statement of responsibility, etc ჰაინრიჰ შნიტგერი, პეტერ ლუთრინგჰაუსი, იან ტოლკმიტი ვინფრიდ შუშკე.
264 ## - წარმოების, გამოცემის, დისტრიბუციის და სხვა ცნობები
გამოცემის, წარმოების, დისტრიბუციის... ადგილი თბილისი :
გამოცემის, წარმოების, დისტრიბუციის... სახელწოდება ბონა კაუზა,
გამოცემის, წარმოების, დისტრიბუციის... თარიღი 2016.
300 ## - ფიზიკური აღწერა
Extent 94 გვ. ;
Dimensions 29 სმ.
653 ## - INDEX TERM--UNCONTROLLED
Uncontrolled term საკრედიტო სამართალი
653 ## - INDEX TERM--UNCONTROLLED
Uncontrolled term ინტელექტუალური საკუთრების სამართალი
653 ## - INDEX TERM--UNCONTROLLED
Uncontrolled term დელიქტური სამართალი
653 ## - INDEX TERM--UNCONTROLLED
Uncontrolled term სააღსრულებო სამართალი
653 ## - INDEX TERM--UNCONTROLLED
Uncontrolled term სამართალი
700 ## - ADDED ENTRY--PERSONAL NAME
Personal name ლუთრინგჰაუსი, პეტერ
Relator term ავტორი
9 (RLIN) 12018
710 ## - ADDED ENTRY--CORPORATE NAME
Corporate name or jurisdiction name as entry element ვინფრიდ შუშკე, იან ტოლკმიტი
Relator term ავტორი
9 (RLIN) 12019
942 ## - ADDED ENTRY ELEMENTS (KOHA)
Koha item type წიგნი
Source of classification or shelving scheme
ეგზემპლარები
ჩამოწერის სტატუსი დაკარგული ეგზემპლარის სტატუსი კლასიფიკაციის წყარო ან თაროზე გაწყობის სქემა დაზიანების სტატუსი არ გაიცემა მუდმივი მდებარეობა (დაცვის ადგილი) ამჟამინდელი ადგილსამყოფელი თაროზე განთავსების ადგილი შეძენის თარიღი ღირებულება, შესყიდვის ნორმალური ფასი სრული შენახვის შიფრი შტრიხკოდი ბოლო ოპერაციის თარიღი ეგზემპლარის მიმდევრობითი ნომერი (კეტერი?) ფასის ძალაში შესვლის თარიღი ეგზემპლარის სახეობა საჯარო შენიშვნა
          ბათუმის შოთა რუსთაველის სახელმწიფო უნივერსიტეტის მთავარი ბიბლიოთეკა ბათუმის შოთა რუსთაველის სახელმწიფო უნივერსიტეტის მთავარი ბიბლიოთეკა წიგნსაცავი 2018-12-17 6.50 346.62:347.735:341.48 შ-90 54471 2018-12-17 54471 2018-12-17 წიგნი 6.50 ₾.
          ბათუმის შოთა რუსთაველის სახელმწიფო უნივერსიტეტის მთავარი ბიბლიოთეკა ბათუმის შოთა რუსთაველის სახელმწიფო უნივერსიტეტის მთავარი ბიბლიოთეკა წიგნსაცავი 2018-12-17 6.50 346.62:347.735:341.48 შ-90 54472 2018-12-17 54472 2018-12-17 წიგნი 6.50 ₾.